Nguyễn Tuân, người đi tìm cái đẹp /
Gardado en:
| Autor Principal: | |
|---|---|
| Outros autores: | , |
| Formato: | Sách giấy |
| Idioma: | Vietnamese |
| Publicado: |
H. :
Văn học,
1997
|
| Những chủ đề: | |
| Các nhãn: |
Engadir etiqueta
Sen Etiquetas, Sexa o primeiro en etiquetar este rexistro!
|
| Thư viện lưu trữ: | Thư viện Trường Đại học Đà Lạt |
|---|
| LEADER | 00733nam a2200289 4500 | ||
|---|---|---|---|
| 001 | DLU020010634 | ||
| 005 | ##19990112 | ||
| 041 | # | # | |a vie |
| 082 | # | # | |a 895.922 3 |b Ngu |
| 100 | # | # | |a Vũ Thị Tuệ |
| 245 | # | # | |a Nguyễn Tuân, người đi tìm cái đẹp / |c Vũ Thị Tuệ, Vũ Ngọc Phan, Vũ Bằng |
| 260 | # | # | |a H. : |b Văn học, |c 1997 |
| 300 | # | # | |a 570 tr.; |c 19 cm. |
| 653 | # | # | |a Chân dung văn học |
| 653 | # | # | |a Hồi ức |
| 653 | # | # | |a Nguyễn Tuân, 1910-1987 |
| 700 | # | # | |a Vũ Bằng |
| 700 | # | # | |a Vũ Ngọc Phan |
| 992 | # | # | |a 45000 |
| 994 | # | # | |a DLU |
| 900 | # | # | |a False |
| 911 | # | # | |a Administrator |
| 925 | # | # | |a G |
| 926 | # | # | |a A |
| 927 | # | # | |a SH |
| 980 | # | # | |a Thư viện Trường Đại học Đà Lạt |